<?xml version="1.0" encoding="UTF-8"?><?xml-stylesheet type="text/xsl" href="static/style.xsl"?><OAI-PMH xmlns="http://www.openarchives.org/OAI/2.0/" xmlns:xsi="http://www.w3.org/2001/XMLSchema-instance" xsi:schemaLocation="http://www.openarchives.org/OAI/2.0/ http://www.openarchives.org/OAI/2.0/OAI-PMH.xsd"><responseDate>2026-04-17T06:14:32Z</responseDate><request verb="GetRecord" identifier="oai:www.recercat.cat:20.500.14342/945" metadataPrefix="marc">https://recercat.cat/oai/request</request><GetRecord><record><header><identifier>oai:recercat.cat:20.500.14342/945</identifier><datestamp>2025-12-11T20:09:01Z</datestamp><setSpec>com_2072_482405</setSpec><setSpec>com_2072_183628</setSpec><setSpec>col_2072_482412</setSpec></header><metadata><record xmlns="http://www.loc.gov/MARC21/slim" xmlns:dcterms="http://purl.org/dc/terms/" xmlns:xsi="http://www.w3.org/2001/XMLSchema-instance" xmlns:doc="http://www.lyncode.com/xoai" xsi:schemaLocation="http://www.loc.gov/MARC21/slim http://www.loc.gov/standards/marcxml/schema/MARC21slim.xsd">
   <leader>00925njm 22002777a 4500</leader>
   <datafield ind2=" " ind1=" " tag="042">
      <subfield code="a">dc</subfield>
   </datafield>
   <datafield ind2=" " ind1=" " tag="720">
      <subfield code="a">Navarro-Segura, Lisette</subfield>
      <subfield code="e">author</subfield>
   </datafield>
   <datafield ind2=" " ind1=" " tag="720">
      <subfield code="a">Rosa i Gregori, Genoveva</subfield>
      <subfield code="e">author</subfield>
   </datafield>
   <datafield ind2=" " ind1=" " tag="720">
      <subfield code="a">López, Paco</subfield>
      <subfield code="e">author</subfield>
   </datafield>
   <datafield ind2=" " ind1=" " tag="260">
      <subfield code="c">2013-03-01</subfield>
   </datafield>
   <datafield ind2=" " ind1=" " tag="520">
      <subfield code="a">In this article we explore the development and initial results of an innovative methodology that uses metaphor and the participants’ sense of humour to create a narrative space in the context of university training in social competence that facilitates the learning process.The experience is based on linking a metaphorical scenario to the academic scenario and&#xd;
the participants’ future professional scenario. The article describes the component parts of the metaphor used (a birthday party) and its links with the skills worked on in the course on Social Skills at the Pere Tarrés Faculty of Social Education and Social Work (URL). The positive evaluation by teachers and students indicates that this is a worthwhile educational&#xd;
practice whose contents can be exported to other learning contexts.</subfield>
   </datafield>
   <datafield ind2=" " ind1=" " tag="520">
      <subfield code="a">Exploramos, en este artículo, el desarrollo y los resultados iniciales de una metodología innovadora que, usando la metáfora y el sentido del humor, crea un espacio narrativo en un contexto de formación universitaria en competencia social que favorece el proceso de aprendizaje. La experiencia consiste en vincular un escenario metafórico al escenario académico y al futuro escenario profesional. En el artículo se describen los ingredientes de la metáfora utilizada (la fiesta de cumpleaños) y sus vínculos con las competencias trabajadas en la asignatura de Habilidades sociales en la Facultad de Educación Social y Trabajo Social Pere Tarrés (URL). La valoración del profesorado y de los estudiantes la avala como una práctica educativa de éxito cuyos ingredientes pueden ser generalizados a otros contextos formativos.</subfield>
   </datafield>
   <datafield ind1="8" ind2=" " tag="024">
      <subfield code="a">http://hdl.handle.net/20.500.14342/945</subfield>
   </datafield>
   <datafield tag="653" ind2=" " ind1=" ">
      <subfield code="a">Habilitats socials</subfield>
   </datafield>
   <datafield tag="653" ind2=" " ind1=" ">
      <subfield code="a">Humor</subfield>
   </datafield>
   <datafield tag="653" ind2=" " ind1=" ">
      <subfield code="a">Educador social</subfield>
   </datafield>
   <datafield tag="653" ind2=" " ind1=" ">
      <subfield code="a">Competències professionals</subfield>
   </datafield>
   <datafield ind2="0" ind1="0" tag="245">
      <subfield code="a">Estrategias analógicas y sentido del humor en el aprendizaje de la competencia social de los profesionales de la educación social</subfield>
   </datafield>
</record></metadata></record></GetRecord></OAI-PMH>